Actors who worked with F. Gary Gray - Statistics

General Stats
  • This quiz has been taken 10 times
  • The average score is 28 of 84
Answer Stats
Film(s) Answer % Correct
The Italian Job, The Fate of the Furious Charlize Theron
100%
Be Cool, The Fate of the Furious Dwayne Johnson
100%
The Italian Job Franky G
100%
Men in Black: International Chris Hemsworth
80%
The Italian Job Donald Sutherland
80%
Friday Ice Cube
80%
The Italian Job, The Fate of the Furious Jason Statham
80%
Be Cool John Travolta
80%
The Italian Job Mark Wahlberg
80%
The Fate of the Furious Michelle Rodriguez
80%
The Italian Job Mos Def
80%
The Negotiator, Straight Outta Compton Paul Giamatti
80%
The Negotiator Samuel L. Jackson
80%
The Italian Job Seth Green
80%
A Man Apart, The Fate of the Furious Vin Diesel
80%
Friday Chris Tucker
60%
The Italian Job Edward Norton
60%
Men in Black: International Emma Thompson
60%
Law Abiding Citizen Gerard Butler
60%
Law Abiding Citizen Jamie Foxx
60%
Lift Kevin Hart
60%
The Negotiator Kevin Spacey
60%
Straight Outta Compton O'Shea Jackson Jr.
60%
Men in Black: International Tessa Thompson
60%
Straight Outta Compton Corey Hawkins
40%
Be Cool Danny DeVito
40%
Be Cool Harvey Keitel
40%
Set It Off Jada Pinkett Smith
40%
Lift Jean Reno
40%
The Fate of the Furious Kurt Russell
40%
Men in Black: International Liam Neeson
40%
The Fate of the Furious Ludacris
40%
The Fate of the Furious Nathalie Emmanuel
40%
Set It Off Queen Latifah
40%
Law Abiding Citizen Regina Hall
40%
A Man Apart Timothy Olyphant
40%
The Fate of the Furious Tyrese Gibson
40%
Be Cool Uma Thurman
40%
Lift Vincent D'Onofrio
40%
Be Cool Vince Vaughn
40%
Set It Off Vivica A. Fox
40%
Friday Bernie Mac
20%
Be Cool Cedric The Entertainer
20%
The Fate of the Furious Elsa Pataky
20%
Lift Gugu Mbatha-Raw
20%
The Fate of the Furious Helen Mirren
20%
Lift Jacob Batalon
20%
Straight Outta Compton LaKeith Stanfield
20%
Law Abiding Citizen Leslie Bibb
20%
The Fate of the Furious Luke Evans
20%
Straight Outta Compton Neil Brown Jr.
20%
Friday Nia Long
20%
Men in Black: International Rebecca Ferguson
20%
Lift Sam Worthington
20%
The Fate of the Furious Scott Eastwood
20%
Be Cool Steven Tyler
20%
Be Cool Andre Benjamin
0%
Friday Anna Maria Horsford
0%
Lift Billy Magnussen
0%
Set It Off Blair Underwood
0%
Lift Burn Gorman
0%
Be Cool Christina Milian
0%
Law Abiding Citizen Colm Meaney
0%
Be Cool Debi Mazar
0%
A Man Apart Geno Silva
0%
Be Cool James Woods
0%
Straight Outta Compton Jason Mitchell
0%
Set It Off John C. McGinley
0%
The Negotiator John Spencer
0%
The Negotiator J. T. Walsh
0%
Men in Black: International Kayvan Novak
0%
Set It Off Kimberly Elise
0%
Men in Black: International Kumail Nanjiani
0%
A Man Apart Larenz Tate
0%
Law Abiding Citizen Michael Irby
0%
Be Cool Paul Adelstein
0%
Men in Black: International Rafe Spall
0%
Friday Regina King
0%
The Negotiator Regina Taylor
0%
Be Cool Robert Pastorelli
0%
The Negotiator Ron Rifkin
0%
Men in Black: International Spencer Wilding
0%
A Man Apart Steve Eastin
0%
Lift Úrsula Corberó
0%
No matching quizzes found
Score Distribution
Percent of People with Each Score
Percentile by Number Answered
Your Score History
You have not taken this quiz